000 00573nam a2200217Ia 4500
003 OSt
005 20250225091402.0
008 210210b1948 xxu||||| |||| 00| 0 eng d
040 _cAL
041 _aHindi
082 _a861/16
100 _aBHAT (Udayashanker)
_dएकला चलो रे
_9202403
245 _aEkla chalo re
_b उदयशंकर भट
260 _aDilli
_bRajkamal Prakashan
_c1948
650 _are
_9202404
650 _aEkla
_9202405
650 _achalo
_9202406
690 _aHindi Poetry
_9202407
906 _a023037
942 _2ddc
_cBK
999 _c147924
_d147924